<?xml version="1.0" encoding="UTF-8"?>
<record
    xmlns:xsi="http://www.w3.org/2001/XMLSchema-instance"
    xsi:schemaLocation="http://www.loc.gov/MARC21/slim http://www.loc.gov/standards/marcxml/schema/MARC21slim.xsd"
    xmlns="http://www.loc.gov/MARC21/slim">

  <leader>01115    a2200253   4500</leader>
  <controlfield tag="003">dpl</controlfield>
  <controlfield tag="005">20180630121520.0</controlfield>
  <controlfield tag="008">080827t        xxu||||| |||| 00| 0 hin d</controlfield>
  <datafield tag="010" ind1=" " ind2=" ">
    <subfield code="a">HIN-83273</subfield>
  </datafield>
  <datafield tag="020" ind1=" " ind2=" ">
    <subfield code="a">9788190468091</subfield>
    <subfield code="c">250.00</subfield>
  </datafield>
  <datafield tag="035" ind1=" " ind2=" ">
    <subfield code="a">HN-55619, B-039049</subfield>
  </datafield>
  <datafield tag="037" ind1=" " ind2=" ">
    <subfield code="b">&#x92A;&#x941;.&#x92A;&#x94D;&#x930;.&#x905;.&#x92A;&#x94D;&#x930;/&#x92A;&#x94D;&#x930;&#x915;&#x93E;</subfield>
  </datafield>
  <datafield tag="040" ind1=" " ind2=" ">
    <subfield code="c">0</subfield>
  </datafield>
  <datafield tag="082" ind1=" " ind2=" ">
    <subfield code="a">&#x909;</subfield>
  </datafield>
  <datafield tag="100" ind1=" " ind2=" ">
    <subfield code="a">&#x936;&#x930;&#x94D;&#x92E;&#x93E;, &#x930;&#x93E;&#x91C;&#x947;&#x936;</subfield>
  </datafield>
  <datafield tag="245" ind1=" " ind2=" ">
    <subfield code="a">&#x910;&#x938;&#x947; &#x92C;&#x928;&#x947; &#x925;&#x947; &#x92E;&#x939;&#x93E;&#x924;&#x94D;&#x92E;&#x93E; &#x917;&#x93E;&#x902;&#x927;&#x940;/</subfield>
    <subfield code="c">&#x938;&#x942;&#x930;&#x94D;&#x92F;&#x92A;&#x94D;&#x930;&#x915;&#x93E;&#x936; &#x91A;&#x924;&#x941;&#x930;&#x94D;&#x935;&#x947;&#x926;&#x940;</subfield>
  </datafield>
  <datafield tag="246" ind1=" " ind2=" ">
    <subfield code="b">by Rajesh Sharma</subfield>
    <subfield code="a">Aisi bane the Mahatma Gandhi</subfield>
  </datafield>
  <datafield tag="260" ind1=" " ind2=" ">
    <subfield code="a">&#x928;&#x908; &#x926;&#x93F;&#x932;&#x94D;&#x932;&#x940;</subfield>
    <subfield code="b">&#x936;&#x94D;&#x930;&#x940;&#x928;&#x93E;&#x925; &#x92C;&#x941;&#x915;&#x94D;&#x938; &#x939;&#x93E;&#x909;&#x938;</subfield>
    <subfield code="c">2006</subfield>
  </datafield>
  <datafield tag="270" ind1=" " ind2=" ">
    <subfield code="a">&#x921;&#x92C;&#x94D;&#x932;&#x94D;&#x92F;&#x942;, &#x91C;&#x948;&#x921;-&#x921;&#x940;-14, &#x926;&#x92F;&#x93E;&#x932; &#x938;&#x930; &#x915;&#x93E;&#x932;&#x94B;&#x928;&#x940;, &#x909;&#x924;&#x94D;&#x924;&#x92E; &#x928;&#x917;&#x930;</subfield>
    <subfield code="b">&#x928;&#x908; &#x926;&#x93F;&#x932;&#x94D;&#x932;&#x940;</subfield>
    <subfield code="e">110059</subfield>
  </datafield>
  <datafield tag="300" ind1=" " ind2=" ">
    <subfield code="a">221&#x92A;&#x943;</subfield>
    <subfield code="c">22 &#x938;&#x947;&#x92E;&#x940; (&#x938;&#x91C;&#x93F;&#x932;&#x94D;&#x926;)</subfield>
  </datafield>
  <datafield tag="650" ind1=" " ind2=" ">
    <subfield code="a">&#x939;&#x93F;&#x928;&#x94D;&#x926;&#x940;  &#x909;&#x92A;&#x928;&#x94D;&#x92F;&#x93E;&#x938;</subfield>
  </datafield>
  <datafield tag="650" ind1=" " ind2=" ">
    <subfield code="a">Hindi   Novel</subfield>
  </datafield>
  <datafield tag="942" ind1=" " ind2=" ">
    <subfield code="a">dpl</subfield>
    <subfield code="c">HN</subfield>
    <subfield code="k">&#x909; / &#x936;&#x930;&#x94D;&#x92E;&#x93E;&#x930;&#x93E;</subfield>
    <subfield code="2">ddc</subfield>
    <subfield code="h">&#x909; </subfield>
    <subfield code="m">&#x936;&#x930;&#x94D;&#x92E;&#x93E;&#x930;&#x93E;</subfield>
  </datafield>
  <datafield tag="999" ind1=" " ind2=" ">
    <subfield code="c">12016</subfield>
    <subfield code="d">12016</subfield>
  </datafield>
  <datafield tag="952" ind1=" " ind2=" ">
    <subfield code="0">0</subfield>
    <subfield code="1">0</subfield>
    <subfield code="4">0</subfield>
    <subfield code="7">0</subfield>
    <subfield code="a">DBAD</subfield>
    <subfield code="b">DBAD</subfield>
    <subfield code="d">0000-00-00</subfield>
    <subfield code="g">250.00</subfield>
    <subfield code="l">0</subfield>
    <subfield code="o">&#x909;  &#x936;&#x930;&#x94D;&#x92E;&#x93E;&#x930;&#x93E;</subfield>
    <subfield code="p">HN-55619</subfield>
    <subfield code="r">2008-09-15 00:00:00</subfield>
    <subfield code="t">1</subfield>
    <subfield code="u">13142</subfield>
    <subfield code="v">250.00</subfield>
    <subfield code="w">2008-09-15</subfield>
    <subfield code="y">HN</subfield>
  </datafield>
  <datafield tag="952" ind1=" " ind2=" ">
    <subfield code="0">0</subfield>
    <subfield code="1">0</subfield>
    <subfield code="2">ddc</subfield>
    <subfield code="4">0</subfield>
    <subfield code="7">0</subfield>
    <subfield code="8">FIC</subfield>
    <subfield code="a">BL4</subfield>
    <subfield code="b">BL4</subfield>
    <subfield code="d">2018-06-30</subfield>
    <subfield code="e">BPPD/PUB</subfield>
    <subfield code="g">200.00</subfield>
    <subfield code="l">0</subfield>
    <subfield code="o">&#x909;  &#x936;&#x930;&#x94D;&#x92E;&#x93E;&#x930;&#x93E;</subfield>
    <subfield code="p"> B-039049</subfield>
    <subfield code="r">2018-06-30 00:00:00</subfield>
    <subfield code="v">200.00</subfield>
    <subfield code="w">2018-06-30</subfield>
    <subfield code="y">HN</subfield>
  </datafield>
</record>
